02059cam a22003374a 450000100090000000300040000900500170001300800410003001000170007102000430008802000400013103500240017104000400019504200080023505000230024308200140026610000330028024500950031326000420040830000340045050400510048450505540053552003230108965000380141265000350145065000310148590600450151694200120156199900190157395201290159216534358OSt20180116192431.0101105s2011 ncua b 001 0 eng  a 2010043892 a9780786442546 (softcover : alk. paper) a0786442549 (softcover : alk. paper) a(OCoLC)ocn681534308 aDLCcDLCdYDXdYDXCPdCDXdOMBdDLC apcc00aTS171.4b.G36 201100a745.22221 aGantz, Carroll,d1931-9817814aThe industrialization of design :ba history from the steam age to today /cCarroll Gantz. aJefferson, N.C. :bMcFarland,cc2011. avii, 322 p. :bill. ;c26 cm. aIncludes bibliographical references and index.0 aPre-1800: Twin revolutions -- 1800-1850: The American system -- 1850-1875: International competition -- 1875-1900: The "new" decorative art -- 1900-1918: Architects take the lead -- 1918-1927: Modern design takes root -- 1927-1936: American modern design -- 1936-1945: Dreams of the future and war -- 1945-1950: Postwar recovery and consolidation -- 1950-1965: Imports and contradictions -- 1965-1985: Challenges and computers -- 1985-2010: Global design -- Appendix I. Biographies -- Appendix II. Past presidents of industrial design organizations. a"Industrial design is a fundamental component of the traditional consumer experience. This book traces the history of industrial design over three centuries, beginning with the eighteenth-century industrial revolution. It identifies the major figures, organizations, styles and evolutionary events of the profession"-- 0aIndustrial designxHistory.98179 0aProduct designxHistory.98180 0aTechnologyxHistory.98181 a7bcbccorignewd1eecipf20gy-gencatlg 2ddccBK c354101d354101 00102ddc4070aSADAbSADAd2015-08-06l1o745.2 GAN 2011pSADA0002495r2016-08-29s2016-08-29t01v6940.94w2015-08-13yBK